[Event "Druzynowe Mistrzostwa Polski Juniorow 2019 - II Liga"]
[Site "Szczyrk"]
[Date "1899-12-30"]
[Round "7.26"]
[White "Owoc, Jakub"]
[Black "Lambrecht, Tomasz"]
[Result "0-1"]
[WhiteTitle "II"]
[BlackTitle "II+"]
[WhiteElo "1614"]
[BlackElo "1601"]

1. e4 c6 2. d4 d5 3. Nc3 dxe4 4. Nxe4 Bf5 5. Ng3 Bg6 6. Nh3 e6 7. Nf4 Qc7 8. Bc4
Nf6 9. c3 Bd6 10. Qf3 Nbd7 11. O-O Nd5 12. Bxd5 cxd5 13. Re1 O-O 14. Nxg6 hxg6
15. h4 Nf6 16. Bg5 Bxg3 17. Bxf6 Bh2+ 18. Kh1 gxf6 19. g3 Bxg3 20. fxg3 Kg7 21.
Rf1 f5 22. Rae1 b5 23. Kg2 Rh8 24. Rh1 a5 25. h5 Rxh5 26. Rxh5 gxh5 27. Qxh5 Rg8
28. Re3 Kf8 29. Qh6+ Ke8 30. Qh7 Rg6 31. Kf3 Qxg3+ 32. Ke2 Qg2+ 33. Kd3 Qxb2 34.
Qh8+ Kd7 35. Qh1 Rg2 36. Qd1 Qxa2 0-1

[Event "Druzynowe Mistrzostwa Polski Juniorow 2019 - II Liga"]
[Site "Szczyrk"]
[Date "1899-12-30"]
[Round "7.27"]
[White "Kolodziejski, Piotr"]
[Black "Krupinski, Mikolaj"]
[Result "1/2-1/2"]
[WhiteTitle "I"]
[BlackTitle "II"]
[WhiteElo "1666"]
[BlackElo "1510"]

1. e4 c5 2. Nf3 Nc6 3. d4 cxd4 4. Nxd4 Nf6 5. Nc3 d6 6. Bg5 e6 7. Qd2 a6 8. O-O-O
Bd7 9. f3 h6 10. Be3 Be7 11. Be2 b5 12. Nxc6 Bxc6 13. a3 d5 14. exd5 Nxd5 15.
Nxd5 Bxd5 16. Bd3 Qc7 17. Qf2 Bf6 18. Kb1 O-O 19. Bd4 Qd8 20. Bc5 Be7 21. Be4
Bxc5 22. Qxc5 Rc8 23. Qf2 Qd6 24. Rd2 Rfd8 25. Bxd5 exd5 26. g3 Qc6 27. Qd4 Rd6
28. Rhd1 Rcd8 29. Rd3 Qc4 30. Qxc4 bxc4 31. Rd4 Kf8 32. f4 Ke7 33. Re1+ Re6 34.
Red1 Red6 35. b3 cxb3 36. cxb3 g5 37. fxg5 hxg5 38. g4 f6 39. R1d3 Ke6 40. Re3+
Kd7 41. Kb2 Rh8 42. h3 Rc8 43. Red3 Ke6 44. Re3+ Kd7 45. a4 Rc7 46. b4 Rb7 47.
Kc3 Rc7+ 48. Kd2 Rb7 49. Rc3 Ke6 50. Rc5 Rh7 51. Rd3 Rb7 52. Re3+ Kf7 53. Rb3
Ke6 54. Re3+ Kf7 55. b5 axb5 56. axb5 Rdb6 57. Rxd5 Rxb5 58. Rxb5 Rxb5 59. Ke2
Rb4 60. Kf3 1/2-1/2

[Event "Druzynowe Mistrzostwa Polski Juniorow 2019 - II Liga"]
[Site "Szczyrk"]
[Date "1899-12-30"]
[Round "7.28"]
[White "Wiszniewski, Szymon"]
[Black "Musin, Pawel"]
[Result "1-0"]
[WhiteTitle "II+"]
[BlackTitle "II"]
[WhiteElo "1473"]
[BlackElo "1181"]

1. e4 e5 2. Nf3 Nc6 3. Bc4 Bc5 4. O-O Nf6 5. d3 d6 6. c3 Bg4 7. Nbd2 a6 8. Bb3
O-O 9. h3 Bh5 10. Re1 h6 11. Nf1 Ne7 12. Ng3 Bxf3 13. Qxf3 Ng6 14. Nf5 Nh7 15.
d4 exd4 16. cxd4 Bb4 17. Re3 Nh4 18. Nxh4 Qxh4 19. Qf5 Qf6 20. Qxf6 Nxf6 21. e5
dxe5 22. dxe5 Nd7 23. e6 Nc5 24. exf7+ Kh8 25. a3 Nxb3 26. Rxb3 Bc5 27. Rf3 Bd4
28. Rb1 Bf6 29. Bxh6 gxh6 30. Rxf6 Kg7 31. Rf3 Rxf7 32. Rxf7+ Kxf7 33. Rd1 Ke7
34. Rd4 Rf8 35. Re4+ Kd6 36. Rh4 Rf6 37. f3 c5 38. Kf2 b5 39. Ke3 a5 40. Re4 b4
41. a4 h5 42. Re8 Rf5 43. g4 hxg4 44. hxg4 Rf6 45. Ra8 Re6+ 46. Kd3 Re1 47. Rxa5
Kd5 48. Ra8 Rd1+ 49. Kc2 Rf1 50. Rf8 c4 51. Rf4 Kc5 52. b3 Rf2+ 53. Kb1 Rf1+ 54.
Kc2 Rf2+ 55. Kc1 cxb3 56. g5 Rg2 57. Rg4 Rf2 58. g6 Rf1+ 59. Kb2 Rf2+ 60. Kxb3
Rxf3+ 61. Kc2 Rf2+ 62. Kd3 Rf8 63. g7 Rg8 64. Rg5+ Kb6 65. Kc4 Ka6 66. Kxb4 Kb6
67. Rg6+ Kb7 68. Kc5 Kc7 69. a5 Kb7 70. Kd6 Ka6 71. Ke7+ 1-0

[Event "Druzynowe Mistrzostwa Polski Juniorow 2019 - II Liga"]
[Site "Szczyrk"]
[Date "1899-12-30"]
[Round "7.29"]
[White "Karlyk, Maria"]
[Black "Surpeta, Julia"]
[Result "1-0"]
[WhiteTitle "I"]
[BlackTitle "I++"]
[WhiteElo "1703"]
[BlackElo "1564"]

1. e4 c5 2. Nc3 Nc6 3. d3 g6 4. g3 Bg7 5. Bg2 e6 6. Be3 d6 7. f4 Nge7 8. Nge2 Nd4
9. Qd2 Rb8 10. Nd1 b5 11. c3 Nxe2 12. Qxe2 b4 13. O-O Ba6 14. Qd2 O-O 15. Re1
Qa5 16. d4 Bc4 17. cxb4 Rxb4 18. dxc5 dxc5 19. a3 Rb5 20. Qxa5 Rxa5 21. Rc1 Bb3
22. Rxc5 Ra6 23. Rb5 Ba4 24. Rb7 Nc6 25. Bf1 Ra5 26. b4 Rh5 27. Be2 Rh6 28. e5
Rd8 29. Nc3 Bb3 30. b5 Nd4 31. Rxa7 Nxe2+ 32. Rxe2 Bf8 33. b6 Rb8 34. Rb2 Bd5
35. Nxd5 exd5 36. b7 1-0

[Event "Druzynowe Mistrzostwa Polski Juniorow 2019 - II Liga"]
[Site "Szczyrk"]
[Date "1899-12-30"]
[Round "7.30"]
[White "Bar, Klaudia"]
[Black "Krzyston, Katarzyna"]
[Result "1-0"]
[WhiteTitle "I"]
[BlackTitle "II"]
[WhiteElo "1512"]
[BlackElo "1000"]

1. e4 e5 2. Nf3 Nc6 3. Bb5 a6 4. Ba4 Be7 5. O-O Nf6 6. Re1 b5 7. Bb3 d6 8. h3 O-O
9. c3 Na5 10. Bc2 c5 11. d4 Qc7 12. d5 Bd7 13. Nbd2 Nb7 14. c4 Ra7 15. Bd3 Qb6
16. Qb3 Rfa8 17. Nf1 h6 18. Ne3 Na5 19. Qc2 Nb7 20. Bd2 Nh5 21. Nf5 Kf8 22. Qc1
Bxf5 23. exf5 Nf6 24. Nh2 Re8 25. f4 exf4 26. Bxf4 Na5 27. b3 Nb7 28. g4 Bd8 29.
h4 Rxe1+ 30. Qxe1 Nh7 31. Qg3 f6 32. Re1 bxc4 33. Qe3 Kg8 34. Qe6+ Kh8 35. Qe8+
Nf8 36. Qxf8+ Kh7 37. Re8 cxd3 38. Qh8# 1-0

[Event "Druzynowe Mistrzostwa Polski Juniorow 2019 - II Liga"]
[Site "Szczyrk"]
[Date "1899-12-30"]
[Round "7.31"]
[White "Zabron, Maksym"]
[Black "Tustanowski, Mateusz"]
[Result "0-1"]
[WhiteTitle "I+"]
[BlackTitle "I++"]
[WhiteElo "1739"]
[BlackElo "1948"]

1. Nf3 c5 2. g3 Nc6 3. Bg2 g6 4. O-O Bg7 5. d3 d6 6. e4 e5 7. Nc3 Nge7 8. Nh4 O-O
9. f4 f5 10. fxe5 dxe5 11. Be3 Nd4 12. exf5 gxf5 13. Qd2 Qd6 14. Rf2 Ng6 15. Nxg6
hxg6 16. Bh6 Be6 17. Bxg7 Kxg7 18. Ne2 Bd5 19. Bxd5 Qxd5 20. Nxd4 cxd4 21. Qg5
Qd8 22. Qxd8 Raxd8 23. Re1 Rd5 24. Rfe2 Re8 25. a4 Kf6 26. Kg2 Ra5 27. b3 Rc8
28. Rf1 Rc3 29. g4 Rac5 30. Rff2 Kg5 31. gxf5 gxf5 32. Kf1 f4 33. Kg2 Kg4 34.
h3+ Kf5 35. Kf3 Rc7 36. Rg2 Rh7 37. Rh2 Rh4 38. Rh1 Rc7 39. Kf2 Re7 40. Re4 Rh8
41. Re2 Rh6 42. Re4 Rc6 43. Re2 Rec7 44. Rc1 Rc3 45. Kf1 Rxd3 46. Rce1 Re3 47.
Kf2 Rh7 48. Rxe3 dxe3+ 49. Kg2 Ke4 50. Rf1 Rg7+ 51. Kh2 f3 0-1

[Event "Druzynowe Mistrzostwa Polski Juniorow 2019 - II Liga"]
[Site "Szczyrk"]
[Date "1899-12-30"]
[Round "7.32"]
[White "Kukula, Karol"]
[Black "Kozubek, Krystian"]
[Result "1/2-1/2"]
[WhiteTitle "I"]
[BlackTitle "II+"]
[WhiteElo "1770"]
[BlackElo "1443"]

1. e4 c6 2. d4 d5 3. exd5 cxd5 4. c4 e6 5. Nc3 Bb4 6. Nf3 Nc6 7. Be2 dxc4 8. Bxc4
Nf6 9. O-O O-O 10. Be3 a6 11. Rc1 b5 12. Bd3 Bb7 13. Ne4 Nd5 14. Nc5 Bxc5 15.
Rxc5 Ncb4 16. Bb1 Rc8 17. Rxc8 Qxc8 18. a3 Nc6 19. Qd3 g6 20. Rc1 Qd7 21. Rc5
Rc8 22. Ba2 Nce7 23. b4 Nb6 24. Ne5 Qe8 25. Ng4 Nd7 26. Rc2 Nd5 27. h3 h5 28.
Nh2 Rxc2 29. Qxc2 Qa8 30. Bxd5 Bxd5 31. f3 Qc6 32. Qxc6 Bxc6 33. Nf1 Bd5 34. Kf2
Nb6 35. Nd2 Nc4 36. Nb1 f6 37. Bc1 Kf7 38. Nc3 Nd6 39. Ne2 Bc4 40. Ng3 Bd5 41.
Ne2 Bc4 42. Ng3 Bd5 43. Ne2 Nc4 44. Nc3 Nd6 45. Ne2 Nf5 46. Bb2 Nd6 47. Bc1 Ke7
48. Nf4 Kf7 49. Nd3 Bb7 50. Nc5 Bc8 51. Nd3 Nf5 52. Bb2 Ne7 53. Nc5 Nd5 54. h4
Nb6 55. Bc1 Nc4 56. Ke2 Nb6 57. Kd3 1/2-1/2

[Event "Druzynowe Mistrzostwa Polski Juniorow 2019 - II Liga"]
[Site "Szczyrk"]
[Date "1899-12-30"]
[Round "7.33"]
[White "Gradalski, Olaf"]
[Black "Pisarek, Jan"]
[Result "1/2-1/2"]
[WhiteTitle "II"]
[BlackTitle "I"]
[WhiteElo "1442"]
[BlackElo "1616"]

1. e4 d5 2. exd5 Qxd5 3. Nc3 Qd8 4. d4 g6 5. Nf3 Bg7 6. Be3 Nf6 7. h3 O-O 8. Qd2
a6 9. Be2 b5 10. a3 Nbd7 11. O-O Nb6 12. b3 Bb7 13. Rfd1 e6 14. Bh6 Qe7 15. Bxg7
Kxg7 16. Na2 c5 17. c4 bxc4 18. bxc4 cxd4 19. Nxd4 Rac8 20. Rdc1 Rfd8 21. c5 Ne4
22. Qb2 Qf6 23. Nxe6+ fxe6 24. Qxf6+ Kxf6 25. cxb6 Rxc1+ 26. Nxc1 Nc3 27. Bd3
Rd6 28. h4 Rxb6 29. Ne2 Nxe2+ 30. Bxe2 a5 31. Rc1 Bc6 32. Rc3 Be4 33. Rc4 Bc6
34. Rc3 Be4 35. Rc5 a4 36. Rc4 Bc6 37. Bf3 Bxf3 38. gxf3 Ra6 39. Kg2 Ra5 40. f4
h6 41. Kg3 g5 42. fxg5+ hxg5 43. hxg5+ Rxg5+ 44. Kf3 Ra5 45. Rb4 Ke5 46. Ke4+
1/2-1/2

[Event "Druzynowe Mistrzostwa Polski Juniorow 2019 - II Liga"]
[Site "Szczyrk"]
[Date "1899-12-30"]
[Round "7.34"]
[White "Duda, Leon"]
[Black "Raba, Bartosz"]
[Result "0-1"]
[WhiteTitle "II"]
[BlackTitle "II"]
[WhiteElo "1272"]
[BlackElo "1373"]

1. e4 e5 2. Nf3 Nc6 3. Bc4 Nf6 4. d4 exd4 5. e5 d5 6. Bb5 Ne4 7. Nxd4 Bc5 8. O-O
O-O 9. Bxc6 bxc6 10. Be3 Qe8 11. f3 Nd6 12. f4 Nc4 13. Qc1 f6 14. c3 fxe5 15.
fxe5 Rxf1+ 16. Kxf1 Qxe5 17. Bf2 Ba6 18. Kg1 Rf8 19. Nd2 Qf4 20. N2f3 Qxc1+ 21.
Rxc1 Nxb2 22. Bg3 Nd3 23. Rb1 Nf4 24. Kh1 Bb6 25. Nxc6 Bb7 26. Nfd4 Ne2 27. Nxe2
Bxc6 28. Nd4 Bd7 29. h3 c5 30. Nf3 Bxh3 31. Rd1 Bg4 32. Rf1 Bxf3 33. gxf3 Re8
34. Rf2 Re3 0-1

[Event "Druzynowe Mistrzostwa Polski Juniorow 2019 - II Liga"]
[Site "Szczyrk"]
[Date "1899-12-30"]
[Round "7.35"]
[White "Gredka, Dominika"]
[Black "Pisarek, Elzbieta"]
[Result "1/2-1/2"]
[WhiteTitle "I++"]
[BlackTitle "I"]
[WhiteElo "1658"]
[BlackElo "1605"]

1. e4 e5 2. Nf3 Nf6 3. Nxe5 d6 4. Nf3 Nxe4 5. d4 d5 6. Bd3 Bd6 7. O-O O-O 8. Re1
Bf5 9. c3 c6 10. Qc2 Bg6 11. Nbd2 Nxd2 12. Bxd2 Bxd3 13. Qxd3 Nd7 14. Bg5 Qc7
15. Re2 h6 16. Bd2 Nf6 17. Rae1 Rfe8 18. Ne5 Re6 19. h3 Rae8 20. Nf3 Ne4 21. Bc1
R8e7 22. Nd2 f5 23. Nf1 Qd7 24. f3 Ng3 25. Rxe6 Rxe6 26. Rxe6 Qxe6 27. Qe3 Qg6
28. Nxg3 Qxg3 29. Qe6+ Kh8 30. Qc8+ Kh7 31. Qxf5+ Kh8 32. Kf1 Qh2 33. Be3 Bg3
34. Qf8+ 1/2-1/2

[Event "Druzynowe Mistrzostwa Polski Juniorow 2019 - II Liga"]
[Site "Szczyrk"]
[Date "1899-12-30"]
[Round "7.36"]
[White "Bialek, Alicja"]
[Black "Jureczko, Anna"]
[Result "1-0"]
[WhiteTitle "I"]
[BlackTitle "II+"]
[WhiteElo "1367"]
[BlackElo "1187"]

1. e4 e5 2. Nf3 Nc6 3. Nc3 Nf6 4. d4 exd4 5. Nxd4 Bb4 6. Nxc6 bxc6 7. Bd3 O-O 8.
O-O h6 9. e5 Bxc3 10. bxc3 Nh7 11. Qg4 Kh8 12. Qe4 g6 13. Bxh6 Ng5 14. Qg4 Ne6
15. Bxf8 Qxf8 16. h4 Ng7 17. Rae1 d6 18. Qf3 dxe5 19. Qxc6 Be6 20. Qxc7 Rc8 21.
Qxa7 Rxc3 22. Rxe5 1-0

[Event "Druzynowe Mistrzostwa Polski Juniorow 2019 - II Liga"]
[Site "Szczyrk"]
[Date "1899-12-30"]
[Round "7.37"]
[White "Hrymowicz, Artur"]
[Black "Wnek, Filip"]
[Result "1-0"]
[WhiteTitle "I++"]
[BlackTitle "I++"]
[WhiteElo "2052"]
[BlackElo "1749"]

1. e4 c5 2. Nf3 Nc6 3. d4 cxd4 4. Nxd4 e5 5. Nb5 d6 6. N1c3 a6 7. Na3 b5 8. Nd5
Nge7 9. Bg5 f6 10. Qh5+ g6 11. Nxf6+ Kf7 12. Qh4 h6 13. Nd5 hxg5 14. Qxh8 Qa5+
15. b4 Nxb4 16. Qf6+ Ke8 17. Kd1 Nbxd5 18. exd5 Qxa3 19. Bd3 Bf5 20. Bxf5 gxf5
21. Ke2 Qc5 22. Rhd1 Qc4+ 23. Ke1 Rc8 24. Qxd6 Qe4+ 25. Kf1 Rxc2 26. Kg1 Qf4 27.
Rf1 g4 28. Qxa6 Nc8 29. Qxb5+ Kf7 30. Qd7+ Be7 31. Rab1 e4 32. Qe6+ Kf8 33. g3
Qd6 34. Qxf5+ Ke8 35. Qxe4 Rxa2 36. Qxg4 Rc2 37. Qa4+ 1-0

[Event "Druzynowe Mistrzostwa Polski Juniorow 2019 - II Liga"]
[Site "Szczyrk"]
[Date "1899-12-30"]
[Round "7.38"]
[White "Budkiewicz, Magdalena"]
[Black "Jordan, Adam"]
[Result "0-1"]
[WhiteTitle "I++"]
[BlackTitle "I+"]
[WhiteElo "1623"]
[BlackElo "1974"]

1. e4 c6 2. d4 d5 3. Nc3 dxe4 4. Nxe4 Nd7 5. Nf3 Ngf6 6. Nxf6+ Nxf6 7. g3 Bf5 8.
Bg2 e6 9. O-O Bd6 10. c4 O-O 11. b3 c5 12. Bb2 Qc7 13. Qe2 Rfe8 14. dxc5 Bxc5
15. Ne5 Rad8 16. Rad1 a5 17. Rxd8 Rxd8 18. Kh1 b6 19. f4 Qd6 20. Bc3 h5 21. Bf3
Ng4 22. Qb2 Nxe5 23. Bxe5 Qd2 24. Bxg7 Qd3 25. Bg2 Be4 26. Ra1 Qd1+ 0-1

[Event "Druzynowe Mistrzostwa Polski Juniorow 2019 - II Liga"]
[Site "Szczyrk"]
[Date "1899-12-30"]
[Round "7.39"]
[White "Taranowicz, Michal"]
[Black "Glaz, Michal"]
[Result "1-0"]
[WhiteTitle "I"]
[BlackTitle "II"]
[WhiteElo "1630"]
[BlackElo "1209"]

1. e4 c5 2. Nf3 e6 3. g3 Nc6 4. Bg2 d6 5. O-O Be7 6. Re1 Nf6 7. h4 O-O 8. d3 Rb8
9. Nbd2 b6 10. Nf1 Bb7 11. c3 Re8 12. N1h2 Bf8 13. g4 Nd7 14. Bg5 Be7 15. Bxe7
Qxe7 16. g5 Nce5 17. Nxe5 Nxe5 18. f4 Nd7 19. Qg4 f6 20. Re3 fxg5 21. hxg5 Qf7
22. Rh3 Rf8 23. Rf1 Qe7 24. Qh4 g6 25. Ng4 Kh8 26. Rf2 d5 27. Ne3 d4 28. Ng4 dxc3
29. bxc3 Ba6 30. Bf1 b5 31. Rfh2 h5 32. Ne3 Qh7 33. f5 exf5 34. exf5 gxf5 35.
Qf4 Qg6 36. Rxh5+ Kg8 37. Rh8+ Kf7 38. R2h7+ Ke8 39. Rxf8+ Kxf8 40. Rh8+ Ke7 41.
Rxb8 Nxb8 42. Qxb8 Qxg5+ 43. Ng2 Qg6 44. Qxa7+ Kf8 45. Qxc5+ Kg8 46. Be2 Bb7 47.
Qf2 f4 48. Bf3 Ba6 49. Bd5+ Kg7 50. Qd4+ Kf8 51. Qxf4+ Kg7 52. Be4 Qb6+ 53. d4
Qa5 54. Qg5+ Kf7 55. Bg6+ Kg7 56. Bh5+ Kh7 57. Qf5+ Kh8 58. Qf8+ Kh7 59. Qf7+
Kh8 60. Bg6 1-0

[Event "Druzynowe Mistrzostwa Polski Juniorow 2019 - II Liga"]
[Site "Szczyrk"]
[Date "1899-12-30"]
[Round "7.40"]
[White "Micula, Jakub"]
[Black "Kitewski, Bartosz"]
[Result "0-1"]
[WhiteTitle "II+"]
[BlackTitle "II"]
[WhiteElo "1320"]
[BlackElo "1447"]

1. e4 e6 2. d4 d5 3. Nd2 Nf6 4. e5 Nfd7 5. Ngf3 c5 6. c3 Nc6 7. Bd3 Qb6 8. O-O
cxd4 9. cxd4 Nxd4 10. Nxd4 Qxd4 11. Nf3 Qb6 12. Qa4 Bc5 13. Qg4 Bf8 14. b3 Qb4
15. Bf4 Nc5 16. Bc2 Bd7 17. Qg3 Ne4 18. Bxe4 Qxe4 19. Rac1 Bc6 20. Rfe1 Qg6 21.
Nd4 Qxg3 22. Bxg3 Kd7 23. Bh4 Rc8 24. Re3 Ba3 25. Rb1 Bc5 26. Rd3 a5 27. Rc1 b6
28. Nxc6 Rxc6 29. Kf1 h6 30. f3 Rhc8 31. Bg3 Bb4 32. Rxc6 Rxc6 33. Bf2 Rc1+ 34.
Ke2 Rc2+ 35. Kf1 Kc6 36. a4 Rc3 37. Rxc3+ Bxc3 38. Ke2 Bxe5 39. g3 Bc3 40. Kd3
Bb4 41. Bd4 f6 42. f4 Bc5 43. Bc3 Bg1 44. h3 Bf2 45. g4 Bg3 46. g5 e5 47. gxf6
gxf6 48. fxe5 fxe5 49. Bd2 Bf4 50. Bc3 d4 51. Be1 Kd5 52. Bh4 e4+ 53. Kc2 Bg5
54. Bg3 d3+ 55. Kd1 Kc5 56. Bc7 e3 57. Ke1 Bh4+ 58. Kf1 e2+ 59. Kg2 e1=Q 60. b4+
axb4 61. a5 Qe2+ 62. Kg1 bxa5 63. Bd8 Bxd8 64. h4 d2 65. h5 d1=R# 0-1

[Event "Druzynowe Mistrzostwa Polski Juniorow 2019 - II Liga"]
[Site "Szczyrk"]
[Date "1899-12-30"]
[Round "7.41"]
[White "Bohdanowicz, Nikola"]
[Black "Zablocka, Katarzyna"]
[Result "1/2-1/2"]
[WhiteTitle "I"]
[BlackTitle "I"]
[WhiteElo "1266"]
[BlackElo "1255"]

1. d4 d5 2. Nf3 Nf6 3. Bf4 e6 4. e3 c5 5. c3 Nc6 6. Bd3 Be7 7. O-O O-O 8. Nbd2
b6 9. Re1 Bb7 10. Ne5 Bd6 11. Ndf3 h6 12. h3 Qc7 13. Rc1 Nd7 14. Nxd7 Qxd7 15.
Ne5 Nxe5 16. dxe5 Bc7 17. Qg4 f5 18. exf6 Rxf6 19. Bxc7 Qxc7 20. e4 Qf7 21. exd5
exd5 22. f3 Re8 23. Bb5 Re7 24. Qg3 a6 25. Rxe7 Qxe7 26. Re1 Re6 27. Qb8+ Kf7
28. Qf4+ Qf6 29. Qc7+ Re7 30. Rxe7+ Qxe7 31. Qf4+ Qf6 32. Qc7+ 1/2-1/2

[Event "Druzynowe Mistrzostwa Polski Juniorow 2019 - II Liga"]
[Site "Szczyrk"]
[Date "1899-12-30"]
[Round "7.42"]
[White "Gaczol, Julia"]
[Black "Filipiak, Magdalena"]
[Result "1-0"]
[WhiteTitle "I"]
[BlackTitle "I"]
[WhiteElo "1338"]
[BlackElo "1168"]

1. e4 e5 2. Nf3 Nc6 3. d4 exd4 4. Nxd4 Bc5 5. Nb3 Bb6 6. Qe2 d6 7. Nc3 Nf6 8. Be3
Bxe3 9. Qxe3 O-O 10. O-O-O Be6 11. h4 a6 12. f3 Ne5 13. Be2 b5 14. a3 Qb8 15.
g4 c5 16. g5 Nfd7 17. f4 Nc6 18. f5 Bxb3 19. cxb3 b4 20. Nd5 bxa3 21. bxa3 Nd4
22. Rh3 a5 23. a4 Ra7 24. f6 g6 25. Rdh1 Rb7 26. Bd1 Ne6 27. Ne7+ Kh8 28. h5 c4
29. hxg6 1-0

[Event "Druzynowe Mistrzostwa Polski Juniorow 2019 - II Liga"]
[Site "Szczyrk"]
[Date "1899-12-30"]
[Round "7.43"]
[White "Jarzebowski, Kacper"]
[Black "Majocha, Piotr"]
[Result "1/2-1/2"]
[WhiteTitle "k"]
[BlackTitle "I++"]
[WhiteElo "1987"]
[BlackElo "2005"]

1. c4 e5 2. g3 Nf6 3. Bg2 d5 4. cxd5 Nxd5 5. Nc3 Nxc3 6. bxc3 Bc5 7. Ba3 Bxa3 8.
Qa4+ Bd7 9. Qxa3 Bc6 10. Nf3 Qd6 11. Qxd6 cxd6 12. d4 Nd7 13. O-O Rc8 14. Rfc1
b6 15. Nd2 Bxg2 16. Kxg2 Ke7 17. a4 Rc7 18. e3 Rhc8 19. Ra3 exd4 20. exd4 d5 21.
Kf3 Nf6 22. Ke2 Ne8 23. Kd3 Nd6 24. Rb1 Kd7 25. Re1 f6 26. Rb1 Rc6 27. Rc1 Nc4
28. Nxc4 Rxc4 29. Re1 Re8 30. Rxe8 Kxe8 31. Ra1 Kd7 32. Kc2 a6 33. Kb3 Rc6 1/2-1/2

[Event "Druzynowe Mistrzostwa Polski Juniorow 2019 - II Liga"]
[Site "Szczyrk"]
[Date "1899-12-30"]
[Round "7.44"]
[White "Szydelko, Michal"]
[Black "Jedrusik, Adam"]
[Result "1/2-1/2"]
[WhiteTitle "I"]
[BlackTitle "I"]
[WhiteElo "1843"]
[BlackElo "1622"]

1. e4 c6 2. d4 d5 3. Nc3 dxe4 4. Nxe4 Bf5 5. Ng3 Bg6 6. h4 h6 7. Nf3 Nd7 8. h5
Bh7 9. Bd3 Bxd3 10. Qxd3 e6 11. Bd2 Ngf6 12. O-O-O Be7 13. Kb1 Qc7 14. Qe2 O-O-O
15. c4 Rhe8 16. Bc3 c5 17. Rhe1 Kb8 18. Ne5 Nxe5 19. dxe5 Nd7 20. f4 Bh4 21. Qg4
Bxg3 22. Qxg3 Rg8 23. Qf3 Nb6 24. b3 Nc8 25. g4 Ne7 26. Kc2 g6 27. Rxd8+ Rxd8
28. hxg6 fxg6 29. Rh1 Rh8 30. Qd3 Rd8 31. Qe3 Rh8 32. f5 gxf5 33. Rxh6 Rxh6 34.
Qxh6 Qc8 35. Qg7 Qe8 36. gxf5 1/2-1/2

[Event "Druzynowe Mistrzostwa Polski Juniorow 2019 - II Liga"]
[Site "Szczyrk"]
[Date "1899-12-30"]
[Round "7.45"]
[White "Zdybel, Przemyslaw"]
[Black "Bochenek, Ryszard"]
[Result "1-0"]
[WhiteTitle "I"]
[BlackTitle "II"]
[WhiteElo "1710"]
[BlackElo "1362"]

1. e4 e6 2. d4 d5 3. Nc3 dxe4 4. Nxe4 Bd7 5. Nf3 Bc6 6. Bd3 Nd7 7. O-O Be7 8. Re1
Ngf6 9. Nxf6+ Bxf6 10. c3 O-O 11. Bc2 b6 12. Qd3 g6 13. Bh6 Re8 14. Rad1 Bb7 15.
Qe3 Qe7 16. Ne5 Rad8 17. Ba4 Bxe5 18. dxe5 b5 19. Bxb5 c6 20. Bg5 f6 21. exf6
Qf7 22. Bc4 Nf8 23. h3 Rxd1 24. Rxd1 a6 25. Rd6 a5 26. Bh6 Qxf6 27. Bxf8 Kxf8
28. Rxe6 Rxe6 29. Qxe6 Qxe6 30. Bxe6 Ke7 31. Bc4 Kd6 32. Kf1 Kc5 33. Bd3 Bc8 34.
Ke2 Be6 35. a3 Bd5 36. g3 Kd6 37. Ke3 c5 38. h4 c4 39. Be4 Bf7 40. Kd4 h6 41.
Bg2 Be6 42. Bf1 1-0

[Event "Druzynowe Mistrzostwa Polski Juniorow 2019 - II Liga"]
[Site "Szczyrk"]
[Date "1899-12-30"]
[Round "7.46"]
[White "Szuber, Dawid"]
[Black "Jaskulski, Jan"]
[Result "1/2-1/2"]
[WhiteTitle "II"]
[BlackTitle "II+"]
[WhiteElo "1340"]
[BlackElo "1513"]

1. e4 c5 2. Nc3 g6 3. g3 Bg7 4. Nge2 Nc6 5. Bg2 Nf6 6. d3 O-O 7. Be3 d6 8. h3 Bd7
9. O-O Rb8 10. a4 Qc8 11. Kh2 Rd8 12. Qd2 e6 13. Bf4 Ne5 14. Bg5 h6 15. Bf4 g5
16. Bxe5 dxe5 17. Nd1 Bc6 18. Qe3 b6 19. b3 Qd7 20. Nec3 Qd4 21. Rb1 a6 22. Ne2
Qd7 23. Nec3 Qd4 24. g4 b5 25. axb5 axb5 26. Ne2 Qd6 27. Nb2 Ra8 28. Ra1 Nd7 29.
Rfb1 Nf8 30. Qc1 Ng6 31. Rxa8 Rxa8 32. Ra1 Rxa1 33. Qxa1 Nf4 34. Qe1 f5 35. f3
Nxe2 36. Qxe2 f4 37. c4 Qd8 38. Qc2 Qa8 39. Nd1 Bf8 40. Bf1 Be7 41. Nf2 Qa1 42.
Nd1 Kf7 43. Be2 Qa8 44. Qb2 h5 45. Bf1 hxg4 46. hxg4 Qh8+ 47. Kg1 Qh4 48. Qf2
Qxf2+ 49. Kxf2 Ke8 50. Ke2 Kd7 51. Kd2 Kc7 52. Kc2 Kb6 53. Kb2 Ka5 54. Be2 Kb6
55. Nf2 Bb7 56. Nh3 b4 1/2-1/2

[Event "Druzynowe Mistrzostwa Polski Juniorow 2019 - II Liga"]
[Site "Szczyrk"]
[Date "1899-12-30"]
[Round "7.47"]
[White "Wolszczak, Natalia"]
[Black "Wasala, Wiktoria"]
[Result "0-1"]
[WhiteTitle "I"]
[BlackTitle "I"]
[WhiteElo "1217"]
[BlackElo "1515"]

1. e4 Nf6 2. e5 Nd5 3. d4 d6 4. Nf3 Bg4 5. Be2 h6 6. c4 Nb6 7. Be3 Nc6 8. Nbd2
dxe5 9. dxe5 g6 10. O-O Bg7 11. Bf4 Nd4 12. Nxd4 Qxd4 13. Be3 Bxe2 14. Bxd4 Bxd1
15. Rfxd1 O-O-O 16. Bxb6 axb6 17. Nf3 Rxd1+ 18. Rxd1 Rd8 19. Re1 g5 20. h3 f6
21. exf6 Bxf6 22. b3 h5 23. Kf1 c5 24. Re4 Kc7 25. Ke2 Kd6 26. Kf1 e5 27. Ke2
Ke6 28. a4 Kf5 29. Re3 g4 30. hxg4+ hxg4 31. Ne1 Bg5 32. Rc3 Bd2 33. Rc2 Bxe1
34. Kxe1 Rd3 35. Rb2 e4 36. Ke2 Ke5 37. Rb1 Kd4 38. Rh1 Rxb3 39. Rh7 Rb2+ 40.
Kf1 Kxc4 41. g3 Rb4 42. Rxb7 Kb3 43. Re7 Kxa4 44. Rg7 c4 45. Rc7 Kb3 46. Ke2 c3
47. Kd1 Kb2 48. Rc6 b5 49. Rc5 Rd4+ 50. Ke2 c2 51. Rxb5+ Kc3 52. Rc5+ Rc4 53.
Rxc4+ Kxc4 54. Kd2 Kb3 55. Kc1 Kc3 56. f4 gxf3 57. g4 f2 58. g5 f1=R# 0-1

[Event "Druzynowe Mistrzostwa Polski Juniorow 2019 - II Liga"]
[Site "Szczyrk"]
[Date "1899-12-30"]
[Round "7.49"]
[White "Mazurek, Bartosz"]
[Black "Lewandowski, Wiktor"]
[Result "1-0"]
[WhiteTitle "I"]
[BlackTitle "II+"]
[WhiteElo "1857"]
[BlackElo "1749"]

1. d4 Nf6 2. Nf3 e6 3. c4 d5 4. Nc3 c6 5. Bg5 Be7 6. e3 O-O 7. Bd3 Nbd7 8. cxd5
exd5 9. O-O Nb6 10. h3 Ne4 11. Bxe7 Qxe7 12. Qc2 f5 13. Ne5 Be6 14. f4 Rac8 15.
Bxe4 dxe4 16. Na4 Nd5 17. Qe2 Rfd8 18. a3 Nf6 19. Rac1 Bd5 20. Rfe1 Nd7 21. Nxd7
Qxd7 22. b4 Qe7 23. Qb2 Rd6 24. Rf1 Rg6 25. Kh2 Qh4 26. Qf2 Qxf2 27. Rxf2 Rd6
28. Rc3 Ra8 29. Nc5 b6 30. Na4 Rad8 31. Rfc2 Kf7 32. Nb2 R6d7 33. Nc4 Rc7 34.
Ne5+ Ke8 35. b5 Rdc8 36. Nxc6 a6 37. a4 axb5 38. axb5 h6 39. g3 Bxc6 40. d5 Rd7
41. Rxc6 Ra8 42. Kg2 Rxd5 43. Rxb6 Ra3 44. Kf2 Rb3 45. Rb7 Kd8 46. Ra2 Rc5 47.
Rxg7 Rcxb5 48. Ra8+ Rb8 49. Rg8+ Kc7 50. Raxb8 Rxb8 51. Rxb8 Kxb8 52. g4 Kc7 53.
g5 hxg5 54. fxg5 Kd6 55. Kg3 Ke5 56. h4 1-0

[Event "Druzynowe Mistrzostwa Polski Juniorow 2019 - II Liga"]
[Site "Szczyrk"]
[Date "1899-12-30"]
[Round "7.50"]
[White "Kejna, Piotr"]
[Black "Kebel, Bartosz"]
[Result "1-0"]
[WhiteTitle "CM"]
[BlackTitle "II"]
[WhiteElo "1726"]
[BlackElo "1463"]

1. e4 c5 2. Nf3 Nc6 3. d4 cxd4 4. Nxd4 e5 5. Nb5 d6 6. N1c3 a6 7. Na3 Be7 8. Nd5
Nf6 9. Nxf6+ Bxf6 10. Nc4 Be7 11. Be3 b5 12. Nb6 Rb8 13. Nd5 O-O 14. Qd2 Be6 15.
c3 Bxd5 16. Qxd5 Qc7 17. Be2 Na5 18. O-O Nc4 19. a4 Nb6 20. Bxb6 Qxb6 21. axb5
axb5 22. Ra2 Qc5 23. Qxc5 dxc5 24. Ra7 Rfe8 25. Rd1 Bf8 26. Rdd7 f6 27. g3 b4
28. Bc4+ Kh8 29. Bd5 bxc3 30. bxc3 Red8 31. Rf7 Re8 32. c4 Red8 33. Kg2 Re8 34.
h4 h6 35. g4 Red8 36. Kh2 Rb2 37. Kg3 Rb3+ 38. Kg2 Rb2 39. g5 hxg5 40. hxg5 fxg5
41. Rf3 Rb6 42. Raf7 Rf6 43. R3xf6 gxf6 44. Rxf6 Kg7 45. Rf5 Bd6 46. Rxg5+ Kf6
47. Rf5+ Kg6 48. Kg3 Rb8 49. Rf7 Rb3+ 50. Kg4 Rb1 51. Rd7 Rb6 52. Rd8 Ra6 53.
Rg8+ Kf6 54. Kh5 Ra1 55. Rg6+ Ke7 56. Rg7+ Ke8 57. Bc6+ Kf8 58. Rd7 Be7 59. Kg4
Rg1+ 60. Kf5 Rg5+ 61. Ke6 Rg6+ 62. Kd5 Kf7 63. Rc7 Rf6 64. Kxe5 Rxf2 65. Bd5+
Ke8 66. Rc8+ Kd7 67. Be6# 1-0

[Event "Druzynowe Mistrzostwa Polski Juniorow 2019 - II Liga"]
[Site "Szczyrk"]
[Date "1899-12-30"]
[Round "7.51"]
[White "Sleczka, Krzysztof"]
[Black "Eigner, Jerzy"]
[Result "1/2-1/2"]
[WhiteTitle "II"]
[BlackTitle "II+"]
[WhiteElo "1191"]
[BlackElo "1516"]

1. e4 c5 2. Nf3 e6 3. d4 cxd4 4. Nxd4 Nc6 5. Nc3 Qc7 6. Be2 Nf6 7. a3 Be7 8. O-O
O-O 9. Be3 a6 10. Qd2 d6 11. f4 Nxd4 12. Qxd4 e5 13. Qd1 b5 14. h3 Bb7 15. Bf3
Qc4 16. Be2 Qc7 17. Bf3 Rac8 18. f5 Rfd8 19. Qd2 Qc4 20. Be2 Nxe4 21. Nxe4 Qxc2
22. Bd3 Qxd2 23. Nxd2 d5 24. Rac1 e4 25. Rxc8 Bxc8 26. Nxe4 dxe4 27. Bxe4 Bf6
28. Bb6 Re8 29. Bc6 Re2 30. b3 h6 31. a4 Rb2 32. axb5 Rxb3 33. Re1 Bb7 1/2-1/2